000 00810nam a2200217 i 4500
001 92353
003 ES-MaACL
005 20250901062534.0
007 t|
008 050225s1965 an ||||1| spa d
100 1 _aLierde, Peter Canisius Johannes van.
_972252
245 1 3 _aEl senado de la iglesia
_b: el Sacro Colegio /
_cPeter Canisius Johannes van Lierde; [versión española de Dom Ambrosio Caralt].
260 _aAndorra :
_bCasal y Vall,
_c[1965]
300 _a154 p. ;
_c19 cm.
490 1 _aYo sé, yo creo : enciclopedia del católico en el siglo XX ;
_v81
700 1 _aGiraud, A.
_957238
700 1 _aCaralt, Ambrosio.
_934940
830 0 0 _aYo sé, yo creo: enciclopedia del católico del siglo XX
_v81
_9186579
852 _aES-MaACL
_jC-20928
_bR.57137
999 _c92353
_d92353